احداث شهيرة من التاريخ / (Record no. 62424)
[ view plain ]
| 000 -الفاتح | |
|---|---|
| حقل البيانات ثابتة الطول | 01230nam a2200289 4500 |
| 005 - وقت وتاريخ اخر تعامل مع التسجيلة | |
| رقم الضبط | 20240530110549.0 |
| 008 - عناصر البيانات ثابتة الطول - معلومات عامة | |
| حقل البيانات ثابتة الطول | 160618s2014 ua a g 000 0 ara d |
| 017 ## - رقم الايداع القانونى | |
| رقم الايداع القانونى | 2013/20889 |
| المصدر ( الهيئة المختصة) | مصر. دار الكتب المصرية |
| 020 ## - الرقم الدولى المعيارى للكتب | |
| الرقم الدولى المعيارى للكتاب | 9789773223182 |
| 040 ## - مصدر الفهرسة | |
| وكالة الفهرسة الأصلية | EG-CaGPL |
| 041 1# - رمز اللغة | |
| رمز لغة النص/ المسارات الصوتية أو العنوان الانفرادي | ara |
| رمز لغة الترجمات و/او الاصلية المتوسطة للنص | und |
| 082 04 - رقم تصنيف ديوى العشرى | |
| رقم التصنيف | 909\ |
| رقم المادة | ن ا |
| رقم الطبعة | 21 |
| 100 0# - المدخل الرئيسى - إسم شخصى | |
| الإسم الشخصى | نيسنسون ، صمويل |
| 245 10 - بيان العنوان | |
| العنوان | احداث شهيرة من التاريخ / |
| بيان المسئوليه,etc | تأليف صمويل نيسنسون، وليام دى ويت ؛ ترجمة اسماعيل مظهر ، جلال مظهر ؛ تحرير وتقديم احمد الهوارى |
| 250 ## - بيان الطبعة | |
| بيان الطبعة | ط .1. |
| 260 ## - PUBLICATION, DISTRIBUTION, ETC. (IMPRINT) | |
| تاريخ النشر أو التوزيع | 2014. |
| 300 ## - الوصف المادى | |
| التعداد | 313 ص. : |
| تفاصيل ماديه اخرى للوعاء | ايض. ؛ |
| أبعاد الوعاء | 24 سم. |
| 490 1# - بيان السلسلة | |
| عنوان السلسلة | من ذاكرة النهضة |
| 651 04 - المدخل الاضافى بالموضوع - اسم جغرافى | |
| الاسم الجغرافي | العالم |
| التقسيم الفرعي العام | تاريخ |
| 700 0# - المدخل الاضافى - اسم شخصى | |
| الإسم الشخصى | وليام دى ويت |
| الدور | مؤلف مشارك. |
| 700 0# - المدخل الاضافى - اسم شخصى | |
| الإسم الشخصى | اسماعيل مظهر |
| الدور | مترجم. |
| 700 0# - المدخل الاضافى - اسم شخصى | |
| الإسم الشخصى | جلال مظهر |
| الدور | مترجم. |
| 700 0# - المدخل الاضافى - اسم شخصى | |
| الإسم الشخصى | احمد الهوارى |
| الدور | محرر. |
| 942 ## - عناصر المدخل الإضافي( كوها) | |
| مصدر التصنيف او مخطط الترفيف | Dewey Decimal Classification |
| Koha [default] item type | كتاب |
| 260 ## - PUBLICATION, DISTRIBUTION, ETC. (IMPRINT) | |
| -- | الجيزة، مصر : |
| -- | عين للدراسات والبحوث الانسانية والاجتماعية، |
| 546 ## - تبصرة اللغة | |
| تبصرة اللغة | النص باللغة العربية. |
| حالة التراجع | حالة الفقد | حالة تلف | ليس للاعارة | المكان المؤقت | الموقع الحالى | تاريخ الاكتساب | اجمالي اﻻعارات | رقم الطلب | الباركود | تاريخ اخر مشاهدة | تاريخ تفعيل السعر | نوع وعاء كوها |
|---|---|---|---|---|---|---|---|---|---|---|---|---|
| مكتبة القاهرة الكبرى | مكتبة القاهرة الكبرى | 06/25/2016 | 909\ ن ا | 162149 | 06/25/2016 | 06/25/2016 | كتاب |

